000 01603nam a2200313 4500
003 EC-UNACH
005 20251008122500.0
006 s||||gr|||| 00| 00
008 150116t9999 mx r gr 000 0 spa d
020 _a978-607-707-669-8
040 _aEC-UNACH
_cEC-UNACH
041 _aspa
082 0 4 _223
_a620.86
_bL011568
110 _aAlfaomega
245 _aSalud en el trabajo y seguridad industrial
250 _aPrimera edición
264 _aMéxico
_bAlfaomega
_c2013
300 _a225 páginas
_bTablas, Diagramas
505 _aCapítulo 1. Conceptos básicos -- Capítulo 2. Evaluación de la exposición del trabajador -- Capítulo 3. Diagnóstico de seguridad y salud en el trabajo -- Capítulo 4. Planteamiento de programas de seguridad y salud en el trabajo -- Capítulo 5. Sistemas de seguridad y salud en el trabajo (un enfoque práctico y a bajo costo) -- Capítulo 6. Aspectos ergonómicos en los programas de seguridad y salud en el trabajo -- Capítulo 7. Salud en el trabajo -- Capítulo 8. Aspectos clínicos de medicina ocupacional -- Capítulo 9. Principios de toxicología ocupacional -- Capítulo 10. Auditorías en salud y seguridad en el trabajo -- Capítulo 11. Marco legal de la salud y seguridad en el trabajo -- Bibliografía.
650 _aRIESGO LABORAL
650 _aHIGIENE EN EL TRABAJO
650 _aTOXICOLOGÍA
700 _aArellano Díaz, Javier
700 _aRodríguez Cabrera, Rafael
942 _c1
_2ddc
999 _c13994